000
00288nam a2200121Ia 4500
008
220204s9999 xx 000 0 und d
082
_a
82-34
_b
FAI
100
_a
Maurice, Pamela
245
0
_a
Portuguese fairy tales
260
_a
Bombay
_b
Somaiya
_c
1969
700
_a
Michael
942
_c
BK
999
_c
31106
_d
31106